000 00799nam a2200205 a 4500
001 000031954
005 20200930063317.0
008 110707s1983 dr abc 000 0 spa d
040 _aDO-SdBNP
_bspa
_cBNPHU
082 _aR332.67314
_bA512d
110 2 _aAmerican Chamber of Commerce of the Dominican Republic.
_958119
245 1 0 _aDominican Republic investors handbook and business guide.
260 _a[Santo Domingo :
_bCámara Americana de Comercio de la República Dominicana.,
_c1983].
300 _a250 p. :
_bil., mapas, retrs. ;
_c23 cm.
546 _aTexto en inglés.
590 _aInventariado, 2018/MFF
650 4 _aCapitalistas
_zRepública Dominicana
_xManuales
_958120
650 4 _aNegociantes
_zRepública Dominicana
_xManuales
_958121
910 _aValidado. Control de calidad EMS
999 _c31445
_d31445